| 000 | 00925cam a2200253 a 4500 | ||
|---|---|---|---|
| 001 | 15227611 | ||
| 005 | 20250225164501.0 | ||
| 008 | 080321s2009 wiua b 001 0 eng | ||
| 020 | _a9780073530277 (alk. paper) | ||
| 020 | _a0073530271 (alk. paper) | ||
| 050 | 0 | 0 |
_aHF5549.5.R44 _bH46 2009 |
| 082 | 0 | 0 |
_a658.3/11 _222 |
| 100 | 1 |
_aHeneman, Herbert Gerhard, _d1944- |
|
| 245 | 1 | 0 |
_aStaffing organizations / _cHerbert G. Heneman III, Timothy A. Judge. |
| 250 | _a6th ed. | ||
| 260 |
_aMiddleton, WI : _bMendota House ; _aBoston : _bMcGraw-Hill Irwin, _cc2009. |
||
| 300 |
_axvi, 751 p. : _bill. ; _c24 cm. |
||
| 650 | 0 |
_aEmployees _xRecruiting. |
|
| 650 | 0 | _aEmployee selection. | |
| 700 | 1 | _aJudge, Tim. | |
| 856 | 4 | 1 |
_3Table of contents only _uhttp://www.loc.gov/catdir/toc/ecip0814/2008013238.html |
| 856 | 4 | 2 |
_3Publisher description _uhttp://www.loc.gov/catdir/enhancements/fy0829/2008013238-d.html |
| 942 |
_2lcc _cBK _n0 |
||
| 999 |
_c4350 _d4350 |
||